000 00766cam a2200253 a 4500
001 BD-DhSAU 1700
003 BD-DhSAU
005 20150120100745.0
008 811218s1981 ii b 001 0 eng
040 _aBD-DhSAU
082 0 0 _a630.715
_222
_bPAD
100 1 _aPareek, Udai Narain,
_d1925-
245 1 0 _aDesigning and managing human resource systems /
_cUdai Pareek and T. Venkateswara Rao.
250 _a2nd edition.
260 _aNew Delhi :
_bOxford & IBH ;
_cc1981.
300 _aviii, 347 p. ;
_c22 cm.
504 _aInclude bibliographical references and index.
590 _ajoy
650 0 _aPersonnel management.
650 0 _aStatistics.
650 0 _aEmployees
_xTraining of.
650 0 _aManpower planning.
700 2 _aVenkateswara Rao, T.
942 _2ddc
_cBOOK
999 _c1700
_d1700